Cation composition in soil solution of two Malaysian soils (Record no. 55228)
[ view plain ]
| 000 -LEADER | |
|---|---|
| fixed length control field | 01422nam a2200157Ia 4500 |
| 100 ## - MAIN ENTRY--AUTHOR NAME | |
| Personal name | Moris Norhayati |
| 245 #0 - TITLE STATEMENT | |
| Title | Cation composition in soil solution of two Malaysian soils |
| 260 ## - PUBLICATION, DISTRIBUTION, ETC. (IMPRINT) | |
| Name of publisher | Journal of Natural Rubber Research |
| Year of publication | 1991 |
| 300 ## - PHYSICAL DESCRIPTION | |
| Number of Pages | 206-214 |
| 520 ## - SUMMARY, ETC. | |
| Summary, etc | A study was carried out to determine the cation composition in soil solution of two soils commonly cultivated with rubber (Rengam and Munchong series) and their relationships to exchangeable cations. The concentration of the cations in the two soil solutions is generally less than 0.5 cmol (+)/kg. The soluble cation concentrations are higher for Rengam soil, an Ultisol than for Munchong soil, an Oxisol, for all the cations studied, viz Ca2+, Mg2+, K+, Na+ and Al3+. Low concentrations of soluble cations result in soil solutions with low ionic strength. The ionic strength of the two soils is less than 0.008 M, with the ionic strength of Rengam soil being higher than that of Munchong soil. A good correlation was observed between soluble and exchangeable cation concentrations. The percentage of exchangeable cation which is readily solubililsed is low. The differences in availability of the cations in soil solution are attributed to the clay mineralogy of the inorganic soil colloids. |
| 650 ## - SUBJECT ADDED ENTRY--TOPICAL TERM | |
| Topical Term | Cation composition |
| 650 ## - SUBJECT ADDED ENTRY--TOPICAL TERM | |
| Topical Term | Malaysian soils |
| 650 ## - SUBJECT ADDED ENTRY--TOPICAL TERM | |
| Topical Term | Soil solution |
| 942 ## - ADDED ENTRY ELEMENTS (KOHA) | |
| Koha item type | Journals |
| Withdrawn status | Lost status | Damaged status | Not for loan | Home library | Current library | Shelving location | Date acquired | Serial Enumeration / chronology | Koha item type |
|---|---|---|---|---|---|---|---|---|---|
| Journals | RRII Library | RRII Library | Soils and agonomy | 17/12/2021 | Volume 6, Issue 3 | Journals |